00351nam a2200133Ia 4500008004100000041000800041082001600049100002100065245004500086250001400131260003500145300003000180365000700210240624s9999 xx 000 0 und d aeng a005.133 PRA aPRATT TERRENCE W aPROGRAMMING LANGUAGE DESIGN AND IMPLEMEN a(4th ed.) c2003aNew DelhibPrentice-Hall axv, : 649 : p. : cm. ; 23 cRS